Overseas Territories - Statistics

General Stats
  • This quiz has been taken 519 times
    246 since last reset
  • The average score is 28 of 54
Answer Stats
Owner Answer % Correct
Netherlands Aruba
80%
Denmark Greenland
75%
United Kingdom British Virgin Islands
74%
Australia Christmas Island
73%
Netherlands Curaçao
73%
United States Guam
73%
United States Puerto Rico
73%
France Saint Martin
73%
Netherlands Sint Maarten
73%
United Kingdom Bermuda
70%
Denmark Faroe Islands
70%
France French Polynesia
68%
France Réunion
67%
France Guadeloupe
66%
United Kingdom Anguilla
65%
United Kingdom Saint Helena, Ascension and Tristan da Cunha
65%
United States United States Virgin Islands
64%
France New Caledonia
63%
New Zealand Niue
63%
Norway Svalbard
63%
United States American Samoa
62%
Netherlands Bonaire
62%
France Martinique
62%
New Zealand Cook Islands
61%
United Kingdom Falkland Islands
61%
United States Northern Mariana Islands
61%
Finland Åland Islands
59%
France Mayotte
59%
United Kingdom Montserrat
59%
United Kingdom Cayman Islands
58%
Australia Cocos (Keeling) Islands
55%
United Kingdom Turks and Caicos Islands
53%
France Saint Barthelemy
52%
United Kingdom Isle of Man
51%
United Kingdom Diego Garcia
49%
Australia Norfolk Island
49%
United Kingdom Pitcairn Islands
49%
United Kingdom South Georgia and the South Sandwich Islands
49%
New Zealand Tokelau
49%
Netherlands Saba
43%
France Saint Pierre & Miquelon
43%
Norway Jan Mayen
39%
United Kingdom Akrotiri and Dhekelia
36%
Netherlands Sint Eustatius
36%
United States United States Minor Outlying Islands
35%
Norway Bouvet
30%
Australia Heard Island
25%
Australia McDonald Islands
23%
France Clipperton Island
19%
Australia Coral Sea Islands
13%
France French Southern and Antarctic Lands
13%
France Wallis & Futuna
13%
Australia Ashmore & Cartier Islands
12%
New Zealand Chatham Islands
12%
No matching quizzes found
Score Distribution
Percent of People with Each Score
Percentile by Number Answered
Your Score History
You have not taken this quiz since the last reset